Countries of North America With a Disappearing Map - Statistics

General Stats
  • This quiz has been taken 2,617 times
  • The average score is 22 of 23
Answers on the Map
Answers color-coded by a green-red scale on the quiz's map according to % correct below.
 
Answer Stats
Country % Correct
Canada
100%
Mexico
100%
United States
100%
Cuba
98%
Bahamas
97%
Haiti
97%
Panama
97%
Costa Rica
96%
Dominican Republic
96%
Guatemala
96%
Honduras
96%
Jamaica
96%
Dominica
95%
El Salvador
95%
Nicaragua
95%
Belize
94%
Antigua and Barbuda
93%
Barbados
93%
Saint Kitts and Nevis
92%
Saint Lucia
92%
Trinidad and Tobago
92%
Saint Vincent and the Grenadines
90%
Grenada
89%
No matching quizzes found
Score Distribution
Percent of People with Each Score
Percentile by Number Answered
Your Score History
You have not taken this quiz